Formula one drivers line-up 2003 - Statistics

General Stats
  • This quiz has been taken 101 times
  • The average score is 19 of 25
Answer Stats
Constructors Rounds Driver Nationality % Correct
Ferrari All Michael Schumacher Germany
97%
Williams All* Ralf Schumacher Germany
96%
Ferrari All Rubens Barrichello Brazil
94%
Renault All Fernando Alonso Spain
91%
Williams All Juan Pablo Montoya Colombia
91%
McLaren All David Coulthard UK
89%
McLaren All Kimi Räikkönen Finland
87%
Renault All Jarno Trulli Italy
84%
Jaguar All Mark Webber Australia
83%
Sauber All Nick Heidfeld Germany
83%
BAR 1-15 Jacques Villeneuve Canada
81%
Jordan All Giancarlo Fisichella Italy
80%
BAR All Jenson Button UK
80%
BAR 16 Takuma Sato Japan
77%
Minardi All Jos Verstappen Netherlands
76%
Toyota All Olivier Panis France
76%
Jordan 13-14 Zsolt Baumgartner Hungary
74%
Sauber All Heinz-Harald Frentzen Germany
73%
Williams 14 Marc gené Spain
71%
Jaguar 1-11 Antönio Pizzonia Brazil
61%
Toyota All Cristiano da Matta Brazil
60%
Jordan 1-13, 15-16* Ralph Firman Ireland
59%
Jaguar 12-16 Justin Wilson UK
57%
Minardi 1-11 Justin Wilson UK
57%
Minardi 12-16 Nicolas Kiesa Denmark
49%
No matching quizzes found
Score Distribution
Percent of People with Each Score
Percentile by Number Answered
Your Score History
You have not taken this quiz